[Event "BUL-chT (Women) 42th"]
[Site "Sunny Beach"]
[Date "2009.05.14"]
[Round "7.4"]
[White "Tomovska, Iliana"]
[Black "Raeva, Elitsa"]
[Result "1/2-1/2"]
[WhiteElo "2038"]
[BlackElo "2233"]
[PlyCount "103"]
[EventDate "2009.05.08"]
[EventType "team-tourn"]
[EventRounds "7"]
[EventCountry "BUL"]
[SourceTitle "CBM 130 Extra"]
[Source "ChessBase"]
[SourceDate "2009.07.02"]
[SourceVersion "2"]
[SourceVersionDate "2009.07.15"]
[SourceQuality "1"]
[WhiteTeam "Plovdiv Rokada (W)"]
[BlackTeam "Sofia Shah XXI (W)"]
[WhiteTeamCountry "BUL"]
[BlackTeamCountry "BUL"]

1. d4 Nf6 2. c4 e6 3. Nf3 b6 4. g3 Bb7 5. Bg2 Be7 6. Nc3 0-0 7. Qc2 d5 8. Ne5 c5 9. dxc5 Bxc5 10. 0-0 Bd6 11. Nd3 Qc8 12. cxd5 Nxd5 13. Bd2 Nd7 14. Rac1 Qd8 15. Nxd5 exd5 16. Bf4 Rc8 17. Qd2 Nc5 18. Bxd6 Qxd6 19. Nf4 Rcd8 20. Rfd1 Qe5 21. e3 a5 22. b4 Ne4 23. Qd4 Qxd4 24. Rxd4 Rc8 25. Rxc8 Rxc8 26. Bxe4 dxe4 27. bxa5 bxa5 28. g4 g6 29. Nd5 Kg7 30. Nb6 Rc6 31. Nc4 Rc5 32. Nd6 Bc6 33. Rc4 Rxc4 34. Nxc4 a4 35. a3 Kf6 36. Kg2 Ke6 37. Kg3 g5 38. h4 f6 39. Nd2 h6 40. hxg5 hxg5 41. Kg2 Kd5 42. Kg3 Bd7 43. f3 exf3 44. Kxf3 Be6 45. Kg3 Ke5 46. Kf3 Bd5+ 47. Kg3 f5 48. gxf5 Kxf5 49. Kh3 Be6 50. Kg3 Bd5 51. Kh3 Be6 52. Kg3 1/2-1/2

[Event "BUL-chT (Women) 42th"]
[Site "Sunny Beach"]
[Date "2009.05.10"]
[Round "3.2"]
[White "Tomovska, Iliana"]
[Black "Alexieva, Silvia"]
[Result "0-1"]
[WhiteElo "2038"]
[BlackElo "2316"]
[PlyCount "86"]
[EventDate "2009.05.08"]
[EventType "team-tourn"]
[EventRounds "7"]
[EventCountry "BUL"]
[SourceTitle "CBM 130 Extra"]
[Source "ChessBase"]
[SourceDate "2009.07.02"]
[SourceVersion "2"]
[SourceVersionDate "2009.07.15"]
[SourceQuality "1"]
[WhiteTeam "Plovdiv Rokada (W)"]
[BlackTeam "Sofia Lokomotiv (W)"]
[WhiteTeamCountry "BUL"]
[BlackTeamCountry "BUL"]

1. d4 Nf6 2. Nf3 e6 3. c4 b6 4. g3 Bb4+ 5. Bd2 a5 6. Bg2 Bb7 7. 0-0 0-0 8. Bg5 Be7 9. Nc3 Ne4 10. Nxe4 Bxe4 11. Bf4 Na6 12. Ne5 Bxg2 13. Kxg2 f6 14. Nd3 d5 15. Qb3 g5 16. Be3 dxc4 17. Qxc4 Qd5+ 18. Qxd5 exd5 19. Rac1 Bd6 20. h4 h6 21. hxg5 hxg5 22. Rh1 Nb4 23. a3 Nxd3 24. exd3 a4 25. Rh6 Ra5 26. Kf3 Rb5 27. Kg4 Kf7 28. Rc2 Kg7 29. Kh5 Rb3 30. Rd2 Re8 31. Rg6+ Kf7 32. Rh6 Bf8 33. Rh7+ Bg7 34. Kg4 Kg6 35. Rh2 c5 36. Kf3 f5 37. Rc2 Rxd3 38. dxc5 d4 39. cxb6 dxe3 40. fxe3 Rdxe3+ 41. Kf2 Bd4 42. b7 Re1+ 43. Kg2 Rg1+ 0-1

[Event "BUL-chT (Women)"]
[Site "Pamporovo"]
[Date "2001.10.05"]
[Round "4"]
[White "Tomovska, Iliana"]
[Black "Gocheva, Rumiana B"]
[Result "0-1"]
[WhiteElo "2049"]
[BlackElo "2218"]
[PlyCount "48"]
[EventDate "2001.10.03"]
[EventType "team"]
[EventRounds "7"]
[EventCountry "BUL"]
[SourceTitle "CBM 084 Extra"]
[Source "ChessBase"]
[SourceDate "2001.10.26"]
[SourceVersion "1"]
[SourceVersionDate "2001.10.26"]
[SourceQuality "1"]

1. d4 c5 2. d5 b5 3. e4 a6 4. c4 d6 5. cxb5 Nf6 6. Nc3 g6 7. Nf3 Bg7 8. a4 0-0 9. Bd3 axb5 10. Bxb5 Ba6 11. Bxa6 Nxa6 12. 0-0 Nd7 13. Rb1 Qa5 14. Nb5 Rfc8 15. Bd2 Qb6 16. Bc3 Nc7 17. Bxg7 Kxg7 18. Na3 Qb4 19. e5 Qxa4 20. exd6 exd6 21. Qd3 Nf6 22. Nc4 Qa6 23. Ng5 Nfxd5 24. Ne4 Nb4 0-1

[Event "BUL-chT (Women)"]
[Site "Pamporovo"]
[Date "2001.10.04"]
[Round "2"]
[White "Chilingirova, Pavlina"]
[Black "Tomovska, Iliana"]
[Result "1-0"]
[WhiteElo "2223"]
[BlackElo "2049"]
[PlyCount "55"]
[EventDate "2001.10.03"]
[EventType "team"]
[EventRounds "7"]
[EventCountry "BUL"]
[SourceTitle "CBM 084 Extra"]
[Source "ChessBase"]
[SourceDate "2001.10.26"]
[SourceVersion "1"]
[SourceVersionDate "2001.10.26"]
[SourceQuality "1"]

1. c4 g6 2. d4 Nf6 3. Nc3 d5 4. cxd5 Nxd5 5. Qb3 c6 6. Nf3 Bg7 7. e4 Nb6 8. Be3 0-0 9. Rd1 Be6 10. Qc2 Nc4 11. Bc1 Qa5 12. Be2 Nd6 13. 0-0 f5 14. Ng5 Bd7 15. e5 Nb5 16. Bc4+ Kh8 17. Nf7+ Rxf7 18. Bxf7 e6 19. Qb3 Na6 20. Nxb5 Qxb5 21. Bxe6 Qxb3 22. Bxb3 c5 23. dxc5 Nxc5 24. Be3 Nxb3 25. Rxd7 Na5 26. f4 Nc4 27. Bf2 b6 28. Rfd1 1-0

[Event "BUL-chT (Women)"]
[Site "Pamporovo"]
[Date "2001.10.04"]
[Round "3"]
[White "Tomovska, Iliana"]
[Black "Andreeva, Marija"]
[Result "1/2-1/2"]
[WhiteElo "2049"]
[BlackElo "2026"]
[PlyCount "49"]
[EventDate "2001.10.03"]
[EventType "team"]
[EventRounds "7"]
[EventCountry "BUL"]
[SourceTitle "CBM 084 Extra"]
[Source "ChessBase"]
[SourceDate "2001.10.26"]
[SourceVersion "1"]
[SourceVersionDate "2001.10.26"]
[SourceQuality "1"]

1. d4 Nf6 2. Nf3 e6 3. c4 Bb4+ 4. Bd2 a5 5. Qc2 b6 6. e4 d6 7. Bd3 Nbd7 8. 0-0 Bxd2 9. Qxd2 Bb7 10. Nc3 0-0 11. Rad1 e5 12. Bc2 Re8 13. Rfe1 exd4 14. Nxd4 Ne5 15. b3 Qd7 16. f3 Rad8 17. Qg5 h6 18. Qh4 Ng6 19. Qf2 Qc8 20. Nf5 Qe6 21. Nb5 Rd7 22. a3 Ba6 23. Nxc7 Rxc7 24. Qxb6 Qc8 25. Nxd6 1/2-1/2